Большие надежды: роман: пер. с англ.

Bibliografske podrobnosti
Glavni avtor: Диккенс Ч. Чарльз
Jezik:ruščina
Izdano: Москва, Московский рабочий, 1980
Serija:Школьная библиотека
Teme:
Format: Knjiga
KOHA link:https://koha.lib.tpu.ru/cgi-bin/koha/opac-detail.pl?biblionumber=90483

MARC

LEADER 00000nam0a2200000 4500
001 90483
005 20231101213721.0
035 |a (RuTPU)RU\TPU\book\97026 
090 |a 90483 
100 |a 20060210d1980 m y0rusy50 ca 
101 1 |a rus  |c eng 
102 |a RU 
105 |a y z 000ay 
200 1 |a Большие надежды  |e роман: пер. с англ.  |f Ч. Диккенс 
210 |a Москва  |c Московский рабочий  |d 1980 
215 |a 480 с. 
225 1 |a Школьная библиотека 
610 1 |a романы 
610 1 |a английская литература 
675 |a 82  |v 3 
700 1 |a Диккенс  |b Ч.  |c английский писатель  |f 1812-1870  |g Чарльз  |2 stltpush  |3 (RuTPU)RU\TPU\pers\9041  |9 1731 
801 1 |a RU  |b 63413507  |c 20060210  |g PSBO 
801 2 |a RU  |b 63413507  |c 20161019  |g PSBO 
942 |c BK